banner koha

Estudo comparativo entre quatra especies de gramineas de clima tropical, com e sem fertilizacao nitrogenada, na producao de carne de bovinos (Registro n. 94996)

MARC details
000 -LÍDER
campo de controle de tamanho fixo 00952nas a2200265 4500
001 - NÚMERO DE CONTROLE
campo de controle BR7600789
003 - IDENTIFICADOR DO NÚMERO DE CONTROLE
campo de controle BR-BrBNA
005 - DATA E HORÁRIO DA ÚLTIMA TRANSAÇÃO
campo de controle 20231205082914.0
007 - CAMPO FIXO DE DESCRIÇÃO FÍSICA--INFORMAÇÃO GERAL
campo de controle de tamanho fixo ta
008 - CAMPO DE DADOS FIXOS--INFORMAÇÃO GERAL
campo de controle de tamanho fixo 230509b bl.|||p| |||| 00| 00por d
040 ## - FONTE DA CATALOGAÇÃO
Instituição da catalogação original BR-BrBNA
Idioma da catalogação por
Instituição que transcreveu o registro Biblioteca Nacional de Agricultura
041 ## - CÓDIGO DE IDIOMA
Código do idioma do texto/trilha sonora ou título diferente (Pt)
072 ## - CÓDIGO DE CATEGORIA DE ASSUNTO
Código de Categoria de Assunto F25; L30
100 1# - ENTRADA PRINCIPAL--NOME PESSOAL
Nome pessoal Sartini, H.J.
110 1# - ENTRADA PRINCIPAL--NOME CORPORATIVO
Nome corporativo ou nome da jurisdição Escola Superior de Agricultura Luiz de Queiroz, Piracicaba, SP (Brasil)
Grau Universitário Tese (Doutorado)
245 1# - TÍTULO
Título Estudo comparativo entre quatra especies de gramineas de clima tropical, com e sem fertilizacao nitrogenada, na producao de carne de bovinos
650 ## - ASSUNTO--TERMO TÓPICO
Cabeçalho tópico ou nome geográfico Nutricao animal
650 ## - ASSUNTO--TERMO TÓPICO
Cabeçalho tópico ou nome geográfico Graminea tropical
650 ## - ASSUNTO--TERMO TÓPICO
Cabeçalho tópico ou nome geográfico Fertilizante nitrogenado
650 ## - ASSUNTO--TERMO TÓPICO
Cabeçalho tópico ou nome geográfico Gado de corte
650 ## - ASSUNTO--TERMO TÓPICO
Cabeçalho tópico ou nome geográfico Ganho de peso
773 0# - ENTRADA ANALÍTICA
Título Boletim de Industria Animal (Brazil)
ISSN - International Standard Serial Number ISSN 0067-9615
Partes relacionadas (Jan 1975), v. 32(1) p. 57-110
Número de controle do registro BR7600789
909 ## -
-- 202311
-- Lúcia
-- 55
-- Lúcia Elande
942 ## - ELEMENTOS DE ENTRADA ADICIONADOS (KOHA)
Fonte da classificação ou esquema de arquivamento na estante Classificação AGRIS
Ocultar no OPAC Não
Tipo de material Koha Analítica
Exemplares
Situação do descarte Fonte da classificação ou esquema de arquivamento na estante Situação física Não pode ser emprestado Biblioteca de origem Biblioteca atual Localização na estante Enumeração do periódico / cronologia Total de empréstimos Data de último acesso Número do exemplar Tipo de material Koha Fonte de aquisição
  Classificação AGRIS   Consulta local Biblioteca Nacional de Agricultura - Binagri Biblioteca Nacional de Agricultura - Binagri   (Jan 1975), v. 32(1) p. 57-110   29/11/2023 01 Periódicos Portaria Interministerial nº 164/94

BINAGRI

Telefone: (61)3218-2567/2388/3357/2097 - binagri@agro.gov.br

Ministério da Agricultura e Pecuária , Esplanada dos Ministérios, Bloco D, Anexo B, Brasília/DF, CEP: 70.043-900